| 000 | 00820nam a2200277 a 4500 | ||
|---|---|---|---|
| 008 | |||
| 020 | _a0750605987 (v. 4) (hbk.) | ||
| 049 | _aMAIN | ||
| 090 | 0 |
_aRF20 _bSCO |
|
| 245 | 0 | 0 |
_aScott-Brown's otolaryngology / _cgeneral editor Alan G. Kerr. |
| 246 | 3 | 0 | _aOtolaryngology. |
| 250 | _a6th ed. | ||
| 260 |
_aOxford : _bButterworth-Heinemann, _c1997. |
||
| 300 |
_a6 v, : _bill. (some col.) ; _c26 cm. |
||
| 504 | _aIncludes bibliographical references. | ||
| 500 | _aIncludes index. | ||
| 650 | 0 | _aOtolaryngology. | |
| 650 | 2 | _aOtorhinolaryngologic Diseases. | |
| 650 | 2 |
_aOtolaryngology _xmethods. |
|
| 700 | 1 | _aKerr, Alan G. | |
| 907 |
_a.b10146647 _b19-02-13 _c17-01-05 |
||
| 003 | |||
| 005 | 20230123114459.0 | ||
| 040 | _cNUST | ||
| 942 |
_cBOOKS _kRF20 _mSCO |
||
| 999 |
_c122226 _d122226 |
||